Beyoncé Albums - Statistics

General Stats
  • This quiz has been taken 430 times
  • The average score is 6 of 27
Answer Stats
Year Album % Correct
2016 Lemonade
96%
2013 Beyoncé
89%
2011 4
83%
2003 Dangerously in Love
82%
2006 B'Day
81%
2008 I Am... Sasha Fierce
78%
2010 I Am... World Tour
14%
2007 The Beyonce Experience: Live Audio
10%
2009 I Am... Yours: An Intimate Performance at Wynn Las Vegas
6%
2004 Live at Wembley
5%
2014 More Only
5%
2012 4: The Remix
3%
2009 Above and Beyoncé: Video Collection & Dance Mixes
3%
2007 Irreemplazable
3%
2011 Heat
2%
2005 Speak My Mind
2%
2009 I Am...Sasha Fierce: The Bonus Tracks
1%
2008 Love Letters
1%
2009 Miss Swing Miss Soul
1%
2004 Pepsi Music 2004 - Dare For More - Beyoncé Exclusive (Beyoncé, Britney Spears, P!nk, Enrique Iglesias)
1%
2009 Revolution
1%
2008 Beyoncé Karaoke Hits, Vol. I
0%
2008 Dangerously in Love/Live at Wembley
0%
2007 Green Light: Freemasons EP
0%
2011 I Am...Tour Instrumentals
0%
2006 Ring the Alarm: Remixes
0%
2007 Telephone: The DJ Remixes (Lady Gaga, Beyoncé)
0%
No matching quizzes found
Score Distribution
Percent of People with Each Score
Percentile by Number Answered
Your Score History
You have not taken this quiz